|
|
|
|
| LEADER |
02528cam a2200589 a 4500 |
| 001 |
nkc20081834208 |
| 003 |
CZ PrNK |
| 005 |
20091113092505.0 |
| 007 |
ta |
| 008 |
081015s2008 xr a f 001 0 cze d |
| 015 |
|
|
|a cnb001834208
|
| 020 |
|
|
|a 978-80-7043-678-3
|q (váz.)
|
| 035 |
|
|
|a (OCoLC)320208625
|
| 040 |
|
|
|a PND008
|b cze
|d KLG001
|d ABA001
|
| 043 |
|
|
|a et-----
|
| 045 |
|
|
|a x4x8
|
| 072 |
|
7 |
|a 37
|x Výchova a vzdělávání
|2 Konspekt
|9 22
|
| 080 |
|
|
|a 37.0
|2 MRF
|
| 080 |
|
|
|a 37.091.4
|2 MRF
|
| 080 |
|
|
|a 37.014.53
|2 MRF
|
| 080 |
|
|
|a 316.34
|2 MRF
|
| 080 |
|
|
|a 316.323.7
|2 MRF
|
| 080 |
|
|
|a (4-191.2)+(4-11)
|2 MRF
|
| 080 |
|
|
|a (048.8)
|2 MRF
|
| 100 |
1 |
|
|a Kreidl, Martin,
|d 1975-
|7 jn20010309218
|4 aut
|
| 245 |
1 |
0 |
|a Cesty ke vzdělání :
|b vzdělanostní dráhy a vzdělanostní nerovnosti v socialismu /
|c Martin Kreidl
|
| 250 |
|
|
|a 1. vyd.
|
| 260 |
|
|
|a Plzeň :
|b Západočeská univerzita v Plzni,
|c 2008
|
| 300 |
|
|
|a 323 s. :
|b il. ;
|c 22 cm
|
| 500 |
|
|
|a Pod názvem: Katedra sociologie, FF ZČU
|
| 500 |
|
|
|a 60 výt.
|
| 504 |
|
|
|a Obsahuje bibliografii, bibliografické odkazy a rejstřík
|
| 648 |
|
7 |
|a 1948-1989
|7 ch460661
|2 czenas
|
| 650 |
0 |
7 |
|a vzdělávání
|7 ph127311
|z Evropa střední a východní
|y 1948-1989
|2 czenas
|
| 650 |
0 |
7 |
|a vzdělávací systémy
|7 ph127310
|z Evropa střední a východní
|y 1948-1989
|2 czenas
|
| 650 |
0 |
7 |
|a vzdělanostní nerovnosti
|7 ph344089
|z Evropa střední a východní
|y 1948-1989
|2 czenas
|
| 650 |
0 |
7 |
|a sociální stratifikace
|7 ph136704
|z Evropa střední a východní
|y 1948-1989
|2 czenas
|
| 650 |
0 |
7 |
|a socialismus
|7 ph125740
|z Evropa střední a východní
|2 czenas
|
| 650 |
0 |
9 |
|a education
|z Europe, Central and Eastern
|y 1948-1989
|2 eczenas
|
| 650 |
0 |
9 |
|a educational systems
|z Europe, Central and Eastern
|y 1948-1989
|2 eczenas
|
| 650 |
0 |
9 |
|a educational inequalities
|z Europe, Central and Eastern
|y 1948-1989
|2 eczenas
|
| 650 |
0 |
9 |
|a social stratification
|z Europe, Central and Eastern
|y 1948-1989
|2 eczenas
|
| 650 |
0 |
9 |
|a socialism
|z Europe, Central and Eastern
|2 eczenas
|
| 655 |
|
7 |
|a studie
|7 fd133597
|2 czenas
|
| 655 |
|
9 |
|a studies
|2 eczenas
|
| 710 |
2 |
|
|a Západočeská univerzita.
|b Katedra sociologie a politologie
|7 kn20030114002
|
| 856 |
4 |
1 |
|u http://www.digitalniknihovna.cz/mzk/uuid/uuid:9a5c6640-c72d-11e4-af6e-005056827e51
|y Digitalizovaný dokument
|x NDK
|
| 910 |
2 |
|
|a BOA001
|b 2-1216.373
|
| 990 |
|
|
|a BK
|
| 995 |
|
|
|a 01
|
| 991 |
|
|
|b 200901
|c NOV
|
| 996 |
6 |
|
|b 2610365063
|c 2-1216.373
|l MZK
|r Sklad / do 1 hodiny
|n 4
|p p.v.
|w 000927538
|u 000010
|a 1
|e BOA001
|j MZK50
|s P
|